=LDR 00000nam 2200000 4500 =001 NUTBA000000000005161 =005 20230823123232 =035 ##$$a 0010-101400000000391 =008 230823###########################0###### =040 ##$$a NBPDMAT =082 ##$$a 361.24 =090 ##$$a 361.24 $b Lil g =100 ##$$a Lili Nurlaili =245 1#$$a Globalisasi di lingkungan /$c Dra. Lili Nurlaili, M.Ed =260 ##$$a Jakarta :$b Azka Press,$c 2008 =300 ##$$a iv, 56 hlm. : $b ilus. ; $c 24 cm. =500 ##$$a Bibliografi : hlm. 56 =650 #4$$a Pembaharuan =850 ##$$a NBPDMAT =020 ##$$a 978-602-8285-15-5 =084 ##$$a 361.24 LIL g =990 ##$$a 21412232 =990 ##$$a 21412233 =990 ##$$a 21412234 =990 ##$$a 21412235 =990 ##$$a 21412236